Normal view
MARC view
- Joel Hass, Christopher Heil, Maurice D Weir
Entry Personal Name
001 - CONTROL NUMBER
- control field: 127702
003 - CONTROL NUMBER IDENTIFIER
- control field: NUST
005 - DATE AND TIME OF LATEST TRANSACTION
- control field: 20250122160647.0
008 - FIXED-LENGTH DATA ELEMENTS
- fixed length control field: 250122|| aca||aabn | a|a d
040 ## - CATALOGING SOURCE
- Original cataloging agency: NUST
- Transcribing agency: NUST
100 ## - HEADING--PERSONAL NAME
- Personal name: Joel Hass, Christopher Heil, Maurice D Weir
670 ## - SOURCE DATA FOUND
- Source citation: Work cat.: (NUST)608442: Joel Hass, Christopher Heil, Maurice D Weir, Thomas Calculus /, 2018
